La contradicción: objetivos de la educación producto educativo, el caso de Nicaragua. Una propuesta de solución desde las organizaciones populares de la Revolución
Sparad:
| Huvudupphovsman: | |
|---|---|
| Materialtyp: | Text |
| Publicerad: |
s.e.
|
| Taggar: |
Lägg till en tagg
Inga taggar, Lägg till första taggen!
|
MARC
| LEADER | 00000 a a2200000 04500 | ||
|---|---|---|---|
| 001 | 21020 | ||
| 003 | |||
| 040 | |||
| 090 | |a 090600 | ||
| 100 | |a Castilla Urbina, Miguel de | ||
| 245 | |a La contradicción: objetivos de la educación producto educativo, el caso de Nicaragua. Una propuesta de solución desde las organizaciones populares de la Revolución | ||
| 260 | |a s.e. | ||
| 300 | |a 46 p. | ||
| 999 | |c 14573 |d 14573 | ||
